000
00339nam a2200145Ia 4500
008
230718s9999 xx 000 0 und d
041
_a
Eng.
082
_a
343.005
_b
SOA-P
100
_a
Soares, Patrick
245
0
_a
Paradise beneath ther
260
_a
Pakistan
_b
Sweel and Maxwell
_c
2001
300
_a
530
650
_a
Law
999
_c
26383
_d
26383